LIBRARY ONLINE CATALOGUE

This is biology : (Record no. 2789)

MARC details
000 -LEADER
fixed length control field 00585nam a22002052 4500
001 - CONTROL NUMBER
control field 0000004578
005 - DATE AND TIME OF LATEST TRANSACTION
control field 20151217145817.0
008 - FIXED-LENGTH DATA ELEMENTS--GENERAL INFORMATION
fixed length control field 070525s xx 000 0 eng d
020 ## - INTERNATIONAL STANDARD BOOK NUMBER
International Standard Book Number 0674884698 :
Terms of availability KES 400
040 ## - CATALOGING SOURCE
Original cataloging agency KABU
Transcribing agency KABU
050 #0 - LIBRARY OF CONGRESS CALL NUMBER
Classification number QH307.2
Item number .M39
100 1# - MAIN ENTRY--PERSONAL NAME
Personal name Mayr, Ernst.
-- 0000155212
245 10 - TITLE STATEMENT
Title This is biology :
Remainder of title the science of the living world.
260 ## - PUBLICATION, DISTRIBUTION, ETC. (IMPRINT)
Place of publication, distribution, etc. Cambridge, Mass :
Name of publisher, distributor, etc. Belknap Press,
Date of publication, distribution, etc. 1997.
300 ## - PHYSICAL DESCRIPTION
Extent xix, 323 p.
650 #0 - SUBJECT ADDED ENTRY--TOPICAL TERM
Topical term or geographic name as entry element Biology.
-- 0000003707
908 ## - PUT COMMAND PARAMETER (RLIN)
Put command parameter 070525
950 ## - LOCAL HOLDINGS (RLIN)
-- 1
Holdings
Withdrawn status Lost status Source of classification or shelving scheme Not for loan Home library Current library Date acquired Total Checkouts Full call number Barcode Checked out Date last seen Date last checked out Price effective from Koha item type
    Library of Congress Classification   Kabarak, Main Campus Kabarak, Main Campus 17/12/2015 1 QH307.2 .M39 007409 20/11/2021 04/11/2021 04/11/2021 17/12/2015 General Collection